000 00487cam a22001217a 4500
008 180718b1993 xxu||||| |||| 00| 0 eng d
082 _aY403x54 In2
100 _aIndia. Ministry of Personnel, Public Grievances and Pensions. Department of Administrative Reforms and Public Grievances
245 _aImplementation of forest (conservation) act, 1980: a study report
260 _aNew Delhi
_bThe author
_c1993
300 _a70+p
650 _aForest conservation - Law and legislation - India
999 _c481436
_d481436